| 000 | 00440nam a2200157Ia 4500 | ||
|---|---|---|---|
| 003 | OSt | ||
| 005 | 20230606113322.0 | ||
| 008 | 211028s2009 xx 000 0 und d | ||
| 040 | _cAIMIT LIBRARY | ||
| 041 | _aeng | ||
| 100 |
_aPrabhu, Sadananda M; Rebello, Santhosh. _98210 _e071905 |
||
| 110 |
_aSanthosh Rebello _98211 |
||
| 245 | _aWebsite for kanara chamber of commerce and industry. | ||
| 260 |
_aMangalore _c2009 |
||
| 942 |
_2ddc _cPRO |
||
| 999 |
_c219774 _d219774 |
||